| 000 | 01128nac a22003257a 4500 | ||
|---|---|---|---|
| 001 | BR9900552 | ||
| 003 | BR-BrBNA | ||
| 005 | 20240105122148.0 | ||
| 008 | 230509b bl.|||m| |||| 00| 0 por d | ||
| 040 |
_aBR-BrBNA _bpor _cBiblioteca Nacional de Agricultura |
||
| 072 | _aK50 | ||
| 090 | _aK50 BR9900552 | ||
| 100 | 1 | _aBataus, Y.S. de L. | |
| 100 | 1 | _aPastore Junior, F. | |
| 100 | 1 | _aOkino, E.Y.A. | |
| 100 | 1 | _aPastore, T.C.M. | |
| 110 | 1 | _aInstituto Brasileiro do Meio Ambiente e dos Recursos Naturais Renovaveis, Brasilia, DF (Brasil). Laboratorio de Produtos Florestais | |
| 245 | 1 | _aCarbonizacao integral de frutos de Palmaceas | |
| 260 | 3 |
_aBrasilia, DF (Brasil): _c1989. |
|
| 300 | _a15 p. | ||
| 490 |
_aSerie Tecnica - Instituto Brasileiro do Meio Ambiente e dos Recursos Naturais Renovaveis. Laboratorio de Produtos Florestais (Brazil) _vno. 2 _x |
||
| 500 | _aSummaries (En, Pt); 9 illus.; 8 ref. | ||
| 650 | _aCarbonizacao | ||
| 650 | _aProcessamento | ||
| 650 | _aBabacu | ||
| 650 | _aTucum | ||
| 650 | _aMacauba | ||
| 909 |
_a202312 _bLúcia Elande _c55 _dLúcia Elande |
||
| 942 |
_2AGRIS _n0 _cMS |
||
| 999 |
_c289543 _d289543 |
||